000 00842cab a2200217 4500
001 WB2831-36
008 090401t1992 xxu||||| |||| 00| 0 eng d
035 _a(Sirsi) u73090
041 _aeng
245 _aConstruction of rent review
260 _c1992
350 _a0
490 _aEstates Gazette Case Summaries
_v(1992) EGCS 105(1) (1/8/92)
520 _a"PosTel Properties Ltd and another v Greenwell and another" ChD 17 July 1992. It was held that reference to use of premises for `retail purposes` took precedence over another clause specifying the particular retail trade and the rent could be settled on the basis of general retail use.
650 _aRENT REVIEWS
650 _aRETAIL PROPERTY
650 _aUSER CLAUSES
690 _aLANDLORD AND TENANT-CASE LAW-BUSINESS TENANCIES
942 _n0
948 _c04/03/1997
999 _c46221
_d46221